|
|
|
|
| LEADER |
03097nam a22004695i 4500 |
| 001 |
978-3-642-36033-6 |
| 003 |
DE-He213 |
| 005 |
20151204170319.0 |
| 007 |
cr nn 008mamaa |
| 008 |
130321s2013 gw | s |||| 0|eng d |
| 020 |
|
|
|a 9783642360336
|9 978-3-642-36033-6
|
| 024 |
7 |
|
|a 10.1007/978-3-642-36033-6
|2 doi
|
| 040 |
|
|
|d GrThAP
|
| 050 |
|
4 |
|a JA71-80
|
| 072 |
|
7 |
|a JPB
|2 bicssc
|
| 072 |
|
7 |
|a POL000000
|2 bisacsh
|
| 082 |
0 |
4 |
|a 320
|2 23
|
| 100 |
1 |
|
|a von dem Berge, Benjamin.
|e author.
|
| 245 |
1 |
0 |
|a Measuring Intra-Party Democracy
|h [electronic resource] :
|b A Guide for the Content Analysis of Party Statutes with Examples from Hungary, Slovakia and Romania /
|c by Benjamin von dem Berge, Thomas Poguntke, Peter Obert, Diana Tipei.
|
| 264 |
|
1 |
|a Berlin, Heidelberg :
|b Springer Berlin Heidelberg :
|b Imprint: Springer,
|c 2013.
|
| 300 |
|
|
|a IX, 65 p. 5 illus.
|b online resource.
|
| 336 |
|
|
|a text
|b txt
|2 rdacontent
|
| 337 |
|
|
|a computer
|b c
|2 rdamedia
|
| 338 |
|
|
|a online resource
|b cr
|2 rdacarrier
|
| 347 |
|
|
|a text file
|b PDF
|2 rda
|
| 490 |
1 |
|
|a SpringerBriefs in Political Science,
|x 2191-5466
|
| 505 |
0 |
|
|a Preface -- 1 Introduction -- 2 Deduction of the Coding Scheme -- 3 The Coding Scheme -- 4 The Coding Procedure -- 5 The Proof of the Pudding: Arriving at Numbers -- 6 Summary and Outlook -- Appendices.
|
| 520 |
|
|
|a This book presents an integrated approach to measuring the level of intra-party democracy through deductive and standardized content analysis of party statutes. Following the two main criteria of intra-party democracy – inclusiveness and decentralization – three main categories of intra-party democracy are theoretically derived: members’ rights, organizational structure and decision-making. On the basis of theoretical considerations further sub-categories and individual items are deduced from these main categories and put together into a comprehensive coding scheme. Furthermore, precise coding instructions are presented. Since it is the ultimate aim of this book to present an approach to measuring the level of intra-party democracy for any party statute and to express this in numerical terms, the final step is the quantification of the coded data and the calculation of a numeric measure of intra-party democracy. A numeric value of intra-party democracy can be calculated for any statute of any political party. Furthermore, empirical examples from Hungary, Slovakia and Romania are presented.
|
| 650 |
|
0 |
|a Political science.
|
| 650 |
|
0 |
|a Comparative politics.
|
| 650 |
1 |
4 |
|a Political Science and International Relations.
|
| 650 |
2 |
4 |
|a Comparative Politics.
|
| 700 |
1 |
|
|a Poguntke, Thomas.
|e author.
|
| 700 |
1 |
|
|a Obert, Peter.
|e author.
|
| 700 |
1 |
|
|a Tipei, Diana.
|e author.
|
| 710 |
2 |
|
|a SpringerLink (Online service)
|
| 773 |
0 |
|
|t Springer eBooks
|
| 776 |
0 |
8 |
|i Printed edition:
|z 9783642360329
|
| 830 |
|
0 |
|a SpringerBriefs in Political Science,
|x 2191-5466
|
| 856 |
4 |
0 |
|u http://dx.doi.org/10.1007/978-3-642-36033-6
|z Full Text via HEAL-Link
|
| 912 |
|
|
|a ZDB-2-SHU
|
| 950 |
|
|
|a Humanities, Social Sciences and Law (Springer-11648)
|